[Event "C.to Mondiale U16 femminile"]
[Site "Maribor SLO"]
[Date "2012.11.08"]
[Round "1"]
[White "Gueci, Laura"]
[Black "Lei, Tingjie"]
[WhiteElo "1854"]
[BlackElo "2231"]
[Result "0-1"]
[PlyCount "84"]
[EventDate "2012.11.08"]

1. c4 c6 2. Nf3 d5 3. b3 Nf6 4. g3 dxc4 5. bxc4 e5 6. Nc3 Bd6 7. Bg2 O-O 8. O-O
Be6 9. d3 h6 10. Rb1 Qc7 11. Nd2 Nbd7 12. Nde4 Nxe4 13. Nxe4 Be7 14. Qc2 Rad8
15. Bd2 b6 16. Rb2 f5 17. Nc3 Bf6 18. Rfb1 Nc5 19. Rb4 Bc8 20. a4 Ne6 21. Qa2
Be7 22. R4b2 Bc5 23. a5 Bd4 24. axb6 axb6 25. Rb4 Kh8 26. Na4 f4 27. Be1 Ng5
28. Nxb6 fxg3 29. hxg3 Nh3+ 30. Bxh3 Bxh3 31. e3 Bc5 32. R4b3 Qf7 33. Qe2 Qf5
34. e4 Qg5 35. d4 Bxd4 36. Rf3 Bg4 37. Rxf8+ Rxf8 38. Qf1 Bf3 39. Qh3 Bxe4 40.
Rb3 Bc2 41. Rb4 Qc1 42. Qf1 Bd3 0-1

[Event "C.to Mondiale U16 femminile"]
[Site "Maribor SLO"]
[Date "2012.11.08"]
[Round "1"]
[White "Movileanu, Daniela"]
[Black "Burmistrova, Alena"]
[WhiteElo "2029"]
[BlackElo "1749"]
[Result "1/2-1/2"]
[PlyCount "115"]
[EventDate "2012.11.08"]

1. e4 Nf6 2. d3 e5 3. Nf3 Nc6 4. Be2 Bc5 5. O-O O-O 6. c3 d6 7. Nbd2 h6 8. b4
Bb6 9. Nc4 Ne7 10. Qc2 c6 11. Nxb6 Qxb6 12. Be3 Qd8 13. h3 Ng6 14. d4 Re8 15.
dxe5 dxe5 16. Rfd1 Qc7 17. Bc5 Rd8 18. Rxd8+ Qxd8 19. Rd1 Qe8 20. Bd6 Qe6 21.
c4 Ne8 22. c5 Nxd6 23. Rxd6 Qe7 24. Bc4 Nf8 25. Qc3 Nd7 26. Nd2 Nf6 27. Qd3 Bd7
28. Nf3 Rd8 29. Nh4 Rc8 30. Qf3 Kh7 31. Nf5 Qf8 32. Ng3 Rd8 33. Qd3 Qe7 34. Nf5
Qf8 35. f3 Qe8 36. Qc2 Ng8 37. Rd3 Nf6 38. Nd6 Qe7 39. Nxf7 Rf8 40. Nd6 b6 41.
Bb3 Nh5 42. cxb6 axb6 43. Nc4 Be6 44. Nxb6 Bxb3 45. Rxb3 Nf4 46. Nc4 Qg5 47.
Kh2 Rd8 48. Qf2 Rd4 49. Ne3 Nd3 50. Qd2 Nc5 51. Qf2 Nxb3 52. axb3 Rxb4 53. h4
Qf4+ 54. g3 Qf7 55. Nc4 Rxb3 56. Nxe5 Qf6 57. f4 Rb5 58. Qc2 1/2-1/2

[Event "C.to Mondiale U16 femminile"]
[Site "Maribor SLO"]
[Date "2012.11.09"]
[Round "2"]
[White "Kejzar, Petra"]
[Black "Gueci, Laura"]
[WhiteElo "1723"]
[BlackElo "1854"]
[Result "0-1"]
[PlyCount "74"]
[EventDate "2012.11.08"]

1. e4 c5 2. Nf3 d6 3. d4 Nf6 4. Bd3 cxd4 5. Nxd4 a6 6. c4 g6 7. h3 Bg7 8. Be3
O-O 9. Nc3 Nbd7 10. O-O Nc5 11. Rc1 Bd7 12. Nb3 b6 13. f4 Bc6 14. Nxc5 bxc5 15.
e5 Nh5 16. g4 dxe5 17. gxh5 exf4 18. hxg6 fxg6 19. Bxc5 Bd4+ 20. Bxd4 Qxd4+ 21.
Rf2 Rad8 22. Nd5 Rf7 23. Bf1 Qe5 24. Nf6+ Rxf6 25. Qxd8+ Rf8 26. Qd2 f3 27. c5
Rf5 28. Re1 Qg3+ 29. Kh1 Bd5 30. Qc2 Rg5 31. Bg2 fxg2+ 32. Kg1 Qxh3 33. Rd2
Qh1+ 34. Kf2 Qxe1+ 35. Kxe1 g1=Q+ 36. Ke2 Re5+ 37. Kd3 Qe3# 0-1

[Event "C.to Mondiale U16 femminile"]
[Site "Maribor SLO"]
[Date "2012.11.09"]
[Round "2"]
[White "Skuhala, Barbara"]
[Black "Movileanu, Daniela"]
[WhiteElo "1853"]
[BlackElo "2029"]
[Result "1/2-1/2"]
[PlyCount "91"]
[EventDate "2012.11.08"]

1. e4 c5 2. Nf3 g6 3. d4 cxd4 4. Nxd4 Nc6 5. Nc3 Bg7 6. Be3 Nf6 7. Qd2 Ng4 8.
Nxc6 bxc6 9. Bd4 Bxd4 10. Qxd4 e5 11. Qd2 Qe7 12. Be2 Nf6 13. Rd1 Rb8 14. b3
Rb4 15. Bc4 h5 16. O-O Kf8 17. Qd6 Qxd6 18. Rxd6 Ke7 19. Rd2 d6 20. f3 Be6 21.
Bxe6 Kxe6 22. Rfd1 Rd8 23. Kf2 d5 24. Na4 Rc8 25. a3 Rb5 26. b4 dxe4 27. Nc5+
Ke7 28. Nxe4 Nxe4+ 29. fxe4 Rb7 30. Rd3 Rcc7 31. Ke3 a5 32. bxa5 Ra7 33. Rc3
Rxa5 34. Rd5 cxd5 35. Rxc7+ Kd6 36. Rxf7 Rxa3+ 37. Kd2 Ke6 38. Rf3 Ra4 39.
exd5+ Kxd5 40. Rd3+ Ke4 41. Re3+ Kf5 42. Rf3+ Ke6 43. Rg3 Kf5 44. Rf3+ Ke6 45.
Rg3 Kf5 46. Rf3+ 1/2-1/2

[Event "C.to Mondiale U16 femminile"]
[Site "Maribor SLO"]
[Date "2012.11.10"]
[Round "3"]
[White "Gueci, Laura"]
[Black "Khademalsharieh, Sarasadat"]
[WhiteElo "1854"]
[BlackElo "2303"]
[Result "0-1"]
[PlyCount "80"]
[EventDate "2012.11.08"]

1. c4 Nf6 2. g3 e6 3. Nf3 d5 4. b3 Bd6 5. Bg2 O-O 6. O-O Qe7 7. Bb2 Nbd7 8. d3
c6 9. a3 e5 10. cxd5 cxd5 11. Nc3 d4 12. Nb5 Bc5 13. Nd2 Ne8 14. a4 a6 15. Na3
Rb8 16. Ne4 b5 17. axb5 axb5 18. Nxc5 Nxc5 19. Nb1 b4 20. Nd2 Nd6 21. Nc4 Nb5
22. Qc2 Nc3 23. Ra5 Ba6 24. e3 Rfd8 25. Re1 Qc7 26. Raa1 e4 27. Rxa6 exd3 28.
Qd2 Nxa6 29. exd4 Rxd4 30. Qe3 Rdd8 31. Nd2 Qd7 32. Qg5 h6 33. Qa5 Qb5 34. Qa1
Rbc8 35. Re7 Qg5 36. Ra7 Qxd2 37. Rxa6 Qd1+ 38. Qxd1 Nxd1 39. Be5 d2 40. Bf3
Nc3 0-1

[Event "C.to Mondiale U16 femminile"]
[Site "Maribor SLO"]
[Date "2012.11.10"]
[Round "3"]
[White "Movileanu, Daniela"]
[Black "Jansen Van Rensburg, Monica"]
[WhiteElo "2029"]
[BlackElo "1792"]
[Result "1/2-1/2"]
[PlyCount "144"]
[EventDate "2012.11.08"]

1. e4 c5 2. Nf3 Nc6 3. d3 g6 4. g3 Bg7 5. Bg2 Nf6 6. O-O O-O 7. Nbd2 d6 8. Re1
Nd7 9. c3 Rb8 10. Nf1 b5 11. d4 b4 12. Ne3 Ba6 13. Bf1 Bxf1 14. Nxf1 Qa5 15.
cxb4 Qxb4 16. a3 Qb7 17. dxc5 Nxc5 18. Rb1 Qb3 19. Qxb3 Nxb3 20. Be3 Ncd4 21.
Nxd4 Nxd4 22. Red1 Ne2+ 23. Kg2 Rb7 24. Kf3 Ng1+ 25. Kg2 Ne2 26. Re1 Nd4 27.
Bxd4 Bxd4 28. b4 Rc8 29. Red1 e5 30. Rd3 Rc2 31. Ne3 Bxe3 32. Rxe3 Rbc7 33. Rd1
R7c3 34. Rdd3 Rc6 35. Rd5 R6c3 36. Rxc3 Rxc3 37. Ra5 Rc7 38. Ra6 Rd7 39. Kf3 f5
40. Ke3 Kf7 41. b5 fxe4 42. Kxe4 Ke6 43. Rc6 Rb7 44. a4 h6 45. Ra6 Rc7 46. f4
exf4 47. gxf4 Rf7 48. h4 h5 49. a5 Rb7 50. b6 axb6 51. Rxb6 Ra7 52. a6 Ra8 53.
Kd4 Kf5 54. Rxd6 Kxf4 55. Rxg6 Kf5 56. Rg5+ Kf4 57. Ra5 Kg4 58. Ke4 Kxh4 59.
Kf4 Rf8+ 60. Rf5 Ra8 61. Rf6 Ra7 62. Rg6 Ra8 63. Ke5 Kh3 64. Kd5 h4 65. Kc5
Rxa6 66. Rxa6 Kg2 67. Rg6+ Kf3 68. Kd4 h3 69. Rf6+ Kg2 70. Ke3 h2 71. Rg6+ Kf1
72. Rf6+ Kg2 1/2-1/2

[Event "C.to Mondiale U16 femminile"]
[Site "Maribor SLO"]
[Date "2012.11.11"]
[Round "4"]
[White "Cazacu, Gabriela"]
[Black "Movileanu, Daniela"]
[WhiteElo "1804"]
[BlackElo "2029"]
[Result "1-0"]
[PlyCount "103"]
[EventDate "2012.11.08"]

1. d4 Nf6 2. c4 g6 3. f3 Bg7 4. e4 d6 5. Nc3 Nbd7 6. Nh3 e5 7. d5 a5 8. Be3 Nc5
9. Nf2 O-O 10. Be2 Qe7 11. Rb1 Ne8 12. a3 f5 13. b4 axb4 14. axb4 Nd7 15. Nd3
Ndf6 16. O-O f4 17. Bf2 g5 18. c5 h5 19. Qc2 Bh6 20. Rfc1 g4 21. Be1 Kh8 22.
Nb5 gxf3 23. Bxf3 Bg4 24. cxd6 cxd6 25. Qe2 Rg8 26. Rc2 Qd7 27. Nc3 Nh7 28. h4
Nf8 29. Kh1 Bg7 30. Bxg4 Qxg4 31. Qf3 Qg6 32. Bf2 Bf6 33. Rg1 Qg4 34. Qxg4 Rxg4
35. Rgc1 Ng6 36. Nb5 Nxh4 37. Bxh4 Bxh4 38. Rc8 Rxc8 39. Rxc8 Rg8 40. Rb8 Be7
41. Rxb7 Rg7 42. Rb8 Rg8 43. Na7 Kg7 44. Nc6 Bh4 45. b5 Kf7 46. b6 Rg3 47.
Ncxe5+ dxe5 48. Nxe5+ Ke7 49. Nf3 Nd6 50. Nxh4 Kd7 51. e5 Ne4 52. e6+ 1-0

[Event "C.to Mondiale U16 femminile"]
[Site "Maribor SLO"]
[Date "2012.11.11"]
[Round "4"]
[White "Giblon, Rebecca"]
[Black "Gueci, Laura"]
[WhiteElo "1701"]
[BlackElo "1854"]
[Result "1-0"]
[PlyCount "49"]
[EventDate "2012.11.08"]

1. e4 c5 2. Nf3 d6 3. d4 cxd4 4. Nxd4 Nf6 5. Nc3 a6 6. Bg5 e6 7. f4 h6 8. Bh4
Be7 9. Qf3 Nbd7 10. O-O-O Qc7 11. Bd3 g5 12. fxg5 Ne5 13. Qe2 Nfg4 14. Nf3 Qc5
15. Nxe5 Nxe5 16. Qh5 b5 17. Rhf1 Bd7 18. Kb1 b4 19. Ne2 Rc8 20. Bf2 Qc7 21.
Bd4 Ba4 22. Bxe5 Bxc2+ 23. Bxc2 Qxc2+ 24. Ka1 dxe5 25. Qxf7# 1-0

[Event "C.to Mondiale U16 femminile"]
[Site "Maribor SLO"]
[Date "2012.11.12"]
[Round "5"]
[White "Gueci, Laura"]
[Black "Urbanc, Maja"]
[WhiteElo "1854"]
[BlackElo "1663"]
[Result "0-1"]
[PlyCount "64"]
[EventDate "2012.11.08"]

1. c4 Nf6 2. g3 g6 3. Bg2 Bg7 4. Nc3 c6 5. e4 e5 6. Nge2 d6 7. O-O O-O 8. d3 h6
9. h3 Be6 10. Be3 Qd7 11. Kh2 Rd8 12. b3 d5 13. Na4 Qe7 14. cxd5 cxd5 15. Qc1
Kh7 16. f4 Nc6 17. Nc5 dxe4 18. dxe4 Nd4 19. fxe5 Nxe2 20. Qe1 Nh5 21. Qxe2
Bxe5 22. Bf2 Bxa1 23. Rxa1 Rac8 24. Nxe6 Qxe6 25. Bf3 Qe5 26. Rg1 b6 27. Be3
Rc3 28. Bxh5 gxh5 29. Qf2 Rd7 30. Bc1 Qxe4 31. Bd2 Rc2 32. Rd1 Rxa2 0-1

[Event "C.to Mondiale U16 femminile"]
[Site "Maribor SLO"]
[Date "2012.11.12"]
[Round "5"]
[White "Movileanu, Daniela"]
[Black "Chandrasiri, S.A.K."]
[WhiteElo "2029"]
[BlackElo "1771"]
[Result "1-0"]
[PlyCount "57"]
[EventDate "2012.11.08"]

1. e4 c5 2. Nc3 a6 3. Nge2 Nc6 4. d3 g6 5. g3 Bg7 6. Bg2 e6 7. Be3 Qb6 8. Rb1
d6 9. O-O Nge7 10. Qd2 O-O 11. Bh6 Qd8 12. Bxg7 Kxg7 13. d4 cxd4 14. Nxd4 Qc7
15. a4 b6 16. Nb3 Bb7 17. f4 Rad8 18. f5 exf5 19. exf5 Nxf5 20. Nd5 Qb8 21.
Rxf5 gxf5 22. Qg5+ Kh8 23. Qf6+ Kg8 24. Ne3 Bc8 25. Bxc6 Be6 26. Nd4 b5 27.
Ndxf5 Bxf5 28. Nxf5 Qb6+ 29. Kf1 1-0

[Event "C.to Mondiale U16 femminile"]
[Site "Maribor SLO"]
[Date "2012.11.12"]
[Round "6"]
[White "Berger, Nadja"]
[Black "Movileanu, Daniela"]
[WhiteElo "1768"]
[BlackElo "2029"]
[Result "1/2-1/2"]
[PlyCount "96"]
[EventDate "2012.11.08"]

1. e4 c5 2. Nf3 g6 3. c3 Bg7 4. d4 cxd4 5. cxd4 d5 6. Bb5+ Bd7 7. Bxd7+ Qxd7 8.
e5 Nc6 9. O-O Nh6 10. Nc3 O-O 11. Bf4 f6 12. Re1 fxe5 13. Nxe5 Nxe5 14. Bxe5
Bxe5 15. Rxe5 e6 16. Qe2 Nf5 17. Qg4 Rac8 18. Rae1 Rf6 19. Qg5 Qf7 20. Qd2 Nd6
21. R5e2 Nf5 22. Re5 Rc4 23. Ne2 Ng7 24. f3 Nf5 25. b3 Rc8 26. Kh1 Ng7 27. Qa5
b6 28. Qd2 Nf5 29. Nf4 Ng7 30. Nh3 Qd7 31. Nf4 Rc6 32. Nd3 Rf8 33. Nb4 Rc7 34.
Nd3 Qd6 35. Nf4 Rf6 36. Nh3 Qc6 37. Qg5 Rf8 38. Qg4 Rf5 39. R5e2 Rcf7 40. Ng5
R7f6 41. Qh4 h5 42. g4 Rf4 43. Qg3 Qc3 44. Nxe6 Qxf3+ 45. Qxf3 Rxf3 46. Nxg7
Kxg7 47. gxh5 gxh5 48. Re7+ Kh6 1/2-1/2

[Event "C.to Mondiale U16 femminile"]
[Site "Maribor SLO"]
[Date "2012.11.14"]
[Round "7"]
[White "Gueci, Laura"]
[Black "Suntharalingam, Jarani"]
[WhiteElo "1854"]
[BlackElo "1679"]
[Result "1-0"]
[PlyCount "96"]
[EventDate "2012.11.08"]

1. c4 e6 2. Nf3 d5 3. b3 Nf6 4. g3 c5 5. Bg2 Be7 6. O-O O-O 7. Bb2 Nc6 8. e3
Qb6 9. cxd5 exd5 10. Nc3 Bf5 11. Na4 Qd8 12. d4 Ne4 13. Nxc5 Nxc5 14. dxc5 Bxc5
15. Qd2 Be7 16. Nd4 Be4 17. Nxc6 bxc6 18. Bxe4 dxe4 19. Qc2 Qd5 20. Rfd1 Qe6
21. Rac1 Rac8 22. Rd4 f5 23. Qc4 Qf7 24. Rd7 a5 25. Ra7 Qxc4 26. Rxc4 Bf6 27.
Bxf6 Rxf6 28. Rxa5 g6 29. b4 Rb8 30. a3 Rb6 31. Rd4 Rf8 32. Kf1 h5 33. h4 Kf7
34. Rd6 Re8 35. Ra7+ Re7 36. Rxe7+ Kxe7 37. Rxg6 Ra6 38. b5 Rxa3 39. Rxc6 Rb3
40. b6 Kd7 41. Rh6 Kc8 42. Rxh5 Rb5 43. Rh6 Kb7 44. Rf6 Rc5 45. h5 f4 46. Rxf4
Rxh5 47. Rxe4 Kxb6 48. Rd4 Rc5 1-0

[Event "C.to Mondiale U16 femminile"]
[Site "Maribor SLO"]
[Date "2012.11.14"]
[Round "7"]
[White "Movileanu, Daniela"]
[Black "Ozturk, Hilal"]
[WhiteElo "2029"]
[BlackElo "1818"]
[Result "1/2-1/2"]
[PlyCount "141"]
[EventDate "2012.11.08"]

1. e4 e5 2. Nf3 Nc6 3. Bb5 a6 4. Ba4 Nf6 5. O-O Be7 6. Re1 b5 7. Bb3 d6 8. a4
b4 9. c3 O-O 10. d3 Rb8 11. a5 h6 12. Nbd2 Be6 13. d4 Bxb3 14. Nxb3 bxc3 15.
bxc3 Qc8 16. Nbd2 Rb5 17. Nc4 exd4 18. cxd4 d5 19. exd5 Rxd5 20. Nce5 Nxe5 21.
Rxe5 Bd6 22. Rxd5 Nxd5 23. Qb3 Rd8 24. Bd2 Nf4 25. Bxf4 Bxf4 26. g3 Bd6 27. Kg2
Qf5 28. Qc4 Qc8 29. Rc1 Re8 30. Qd5 Re6 31. Rc6 Rf6 32. Qc4 Qa8 33. d5 Qc8 34.
Qe4 Qa8 35. Nd4 Qb7 36. Nf5 Qb5 37. Nxd6 Rxd6 38. Rxc7 Qxa5 39. Rc8+ Rd8 40.
Rxd8+ Qxd8 41. Qc4 a5 42. Qc5 a4 43. d6 Qe8 44. Qd5 Qd7 45. Qa8+ Kh7 46. Qe4+
f5 47. Qd3 Kg8 48. Qc4+ Kf8 49. Qc7 Ke8 50. Qb8+ Kf7 51. Qb4 Qc6+ 52. Kg1 Ke6
53. h4 Qc1+ 54. Kg2 a3 55. Qb8 Qc6+ 56. Kh2 Qxd6 57. Qb3+ Kf6 58. Qc3+ Kg6 59.
Qb3 Qa6 60. Qa2 Kf6 61. Qa1+ Kf7 62. Qa2+ Ke7 63. Kg2 Qd3 64. Qg8 Qe4+ 65. Kh2
Qe5 66. Qa8 Qd6 67. Qa7+ Kf6 68. h5 Qe7 69. Qa6+ Kf7 70. Qg6+ Kg8 71. Qxf5
1/2-1/2

[Event "C.to Mondiale U16 femminile"]
[Site "Maribor SLO"]
[Date "2012.11.15"]
[Round "8"]
[White "Hiebler, Laura"]
[Black "Movileanu, Daniela"]
[WhiteElo "1790"]
[BlackElo "2029"]
[Result "1-0"]
[PlyCount "77"]
[EventDate "2012.11.08"]

1. c4 c5 2. Nc3 g6 3. g3 Bg7 4. Bg2 Nc6 5. d3 d6 6. Nf3 e5 7. O-O Nge7 8. e4
O-O 9. Be3 Nd4 10. Qd2 Nec6 11. Nd5 Bg4 12. Nxd4 Nxd4 13. f3 Be6 14. Kh1 Rb8
15. Bxd4 cxd4 16. a4 f5 17. Bh3 Bxd5 18. cxd5 a5 19. b4 axb4 20. Qxb4 Kh8 21.
Rab1 f4 22. Be6 fxg3 23. hxg3 Qg5 24. Qe1 Bh6 25. Kg2 Ra8 26. Rb4 Ra7 27. Rf2
Qe7 28. Rfb2 Be3 29. Qh1 Qf6 30. Qd1 Kg7 31. Rc4 h5 32. Rbc2 Re8 33. Rc8 Ra8
34. R2c7+ Kh6 35. Rxe8 Rxe8 36. Rxb7 h4 37. gxh4 Qxh4 38. Qh1 Qxh1+ 39. Kxh1
1-0

[Event "C.to Mondiale U16 femminile"]
[Site "Maribor SLO"]
[Date "2012.11.15"]
[Round "8"]
[White "Rodsmoen, Maud"]
[Black "Gueci, Laura"]
[WhiteElo "1747"]
[BlackElo "1854"]
[Result "1-0"]
[PlyCount "49"]
[EventDate "2012.11.08"]

1. e4 c5 2. Nf3 d6 3. d4 cxd4 4. Nxd4 Nf6 5. Nc3 a6 6. Bc4 e6 7. O-O Be7 8. Re1
b5 9. Bb3 O-O 10. a3 Qc7 11. Qf3 Nc6 12. Nxc6 Qxc6 13. Qg3 Rd8 14. Bh6 g6 15.
Qh4 Qc5 16. Bg5 Kg7 17. Re3 h5 18. e5 dxe5 19. Ne4 Nxe4 20. Bxe7 Qd4 21. Bxd8
Bb7 22. Ba5 Qxb2 23. Rae1 Nc5 24. Bc3 Qxa3 25. Bb4 1-0

[Event "C.to Mondiale U16 femminile"]
[Site "Maribor SLO"]
[Date "2012.11.16"]
[Round "9"]
[White "Gueci, Laura"]
[Black "Machlik, Edit"]
[WhiteElo "1854"]
[BlackElo "1748"]
[Result "0-1"]
[PlyCount "122"]
[EventDate "2012.11.08"]

1. c4 c5 2. Nc3 Nc6 3. g3 g6 4. Bg2 Bg7 5. a3 Nh6 6. h4 O-O 7. Nf3 d6 8. d3 Bd7
9. h5 Ng4 10. Ng5 Bd4 11. e3 Bf6 12. Nce4 Bg7 13. Bh3 Nf6 14. Nxf6+ exf6 15.
Nxh7 Kxh7 16. hxg6+ Kg8 17. gxf7+ Kxf7 18. Qh5+ Ke7 19. Qh7 Bxh3 20. Qxg7+ Rf7
21. Qg6 Be6 22. Bd2 Qg8 23. Qe4 Qg4 24. Rh4 Qxe4 25. Rxe4 f5 26. Rh4 Ne5 27.
Ke2 Rg8 28. Rah1 Rfg7 29. Bc3 Rg6 30. Rh7+ Bf7 31. R1h4 Ng4 32. Rh8 Nf6 33.
Rxg8 Nxg8 34. b3 Rh6 35. Rxh6 Nxh6 36. Bg7 Ng4 37. f3 Nf6 38. Bxf6+ Kxf6 39. e4
Be8 40. Ke3 Bc6 41. Kf4 fxe4 42. dxe4 b5 43. cxb5 Bxb5 44. Ke3 a5 45. f4 Ke6
46. g4 Kf6 47. Kd2 Bd7 48. g5+ Kg6 49. Kc3 Bb5 50. a4 Ba6 51. Kd2 Bf1 52. Kc3
Be2 53. Kd2 Bf3 54. Ke3 Bh1 55. Kd3 Bf3 56. e5 d5 57. Kc3 Kf5 58. Kd2 Be4 59.
Ke3 Bc2 60. Kd2 Bxb3 61. Kc3 Bxa4 0-1

[Event "C.to Mondiale U16 femminile"]
[Site "Maribor SLO"]
[Date "2012.11.16"]
[Round "9"]
[White "Movileanu, Daniela"]
[Black "Dall'Orsoletta, Alaize"]
[WhiteElo "2029"]
[BlackElo "1765"]
[Result "1-0"]
[PlyCount "27"]
[EventDate "2012.11.08"]

1. e4 c5 2. Nc3 Nc6 3. f4 g6 4. Bc4 Bg7 5. Nf3 e6 6. f5 d6 7. fxe6 fxe6 8. d3
Na5 9. Bb5+ Nc6 10. O-O Bd7 11. Ng5 Nh6 12. Be3 Ne5 13. Nxe6 Qe7 14. Nd5 1-0

[Event "C.to Mondiale U16 femminile"]
[Site "Maribor SLO"]
[Date "2012.11.17"]
[Round "10"]
[White "Dobrovoljc, Andreja"]
[Black "Gueci, Laura"]
[WhiteElo "1597"]
[BlackElo "1854"]
[Result "1-0"]
[PlyCount "67"]
[EventDate "2012.11.08"]

1. d4 d5 2. c4 c6 3. Nf3 Nf6 4. e3 a6 5. Nc3 b5 6. b3 Bf5 7. Be2 g6 8. O-O Bg7
9. Bb2 O-O 10. Rc1 Bc8 11. cxd5 cxd5 12. Ne5 Bb7 13. Nd3 Nbd7 14. a4 Ne4 15.
axb5 Nxc3 16. Rxc3 axb5 17. Ne5 Nc5 18. Rxc5 b4 19. Rb5 Ba6 20. Rxb4 Qd6 21.
Ra4 Rfb8 22. Bxa6 Rxa6 23. Ba3 Qb6 24. Rxa6 Qxa6 25. Bxe7 Qb7 26. Bd6 Rc8 27.
Bc5 Qb5 28. b4 Ra8 29. g3 Ra6 30. Qg4 Ra8 31. Rc1 g5 32. Qd1 Ra6 33. Ra1 Rxa1
34. Qxa1 1-0

[Event "C.to Mondiale U16 femminile"]
[Site "Maribor SLO"]
[Date "2012.11.17"]
[Round "10"]
[White "Saikhanzaya, Ganbaatar"]
[Black "Movileanu, Daniela"]
[WhiteElo "1904"]
[BlackElo "2029"]
[Result "1/2-1/2"]
[PlyCount "71"]
[EventDate "2012.11.08"]

1. d4 Nf6 2. c4 g6 3. Nc3 d5 4. Bg5 Ne4 5. Bh4 Nxc3 6. bxc3 dxc4 7. e3 Be6 8.
Qb1 Qd5 9. e4 Qa5 10. Qb2 Bg7 11. Ne2 b6 12. Rc1 Nc6 13. Rd1 Rd8 14. d5 Ne5 15.
Nd4 Nd3+ 16. Rxd3 cxd3 17. Qb5+ Qxb5 18. Nxb5 Bd7 19. Nxc7+ Kf8 20. Kd2 Be5 21.
Bg3 Bxg3 22. hxg3 Rc8 23. Na6 Bb5 24. Nb4 e6 25. Bxd3 Bxd3 26. Kxd3 Kg7 27. Nc6
Rc7 28. a4 Re8 29. Ra1 exd5 30. exd5 Rd7 31. c4 Rc8 32. Nd4 Rf8 33. a5 Re7 34.
axb6 axb6 35. Ra6 Rb7 36. f4 1/2-1/2